[Event "UTD Invitational IM"]
[Site "Richardson USA"]
[Date "2008.11.28"]
[Round "6"]
[White "Vedrickas,T"]
[Black "Bayaraa,Z"]
[Result "0-1"]
[WhiteElo "2268"]
[BlackElo "2203"]

1.d4 Nf6 2.c4 e6 3.Nf3 b6 4.g3 Ba6 5.Qc2 Bb7 6.Bg2 c5 7.d5 exd5 8.cxd5 Nxd5
9.O-O Be7 10.Rd1 Nc6 11.a3 Nf6 12.e4 O-O 13.Nc3 Ne8 14.Bh3 d6 15.Bf4 Nc7
16.Rd2 Ne6 17.Bxe6 fxe6 18.Qb3 Qc8 19.Nb5 Na5 20.Qc2 e5 21.Bg5 Bxg5 22.Nxg5 Qg4
23.b4 Qxg5 24.Nxd6 Nc6 25.Nxb7 Nd4 26.Qc4+ Kh8 27.Rd3 Qe7 28.Qd5 Rab8 29.bxc5 Rxb7
30.c6 Rc7  0-1

[Event "British Rapid"]
[Site "Halifax ENG"]
[Date "2008.11.29"]
[Round "2"]
[White "Arkell,K"]
[Black "Briscoe,C"]
[Result "1-0"]
[WhiteElo "2521"]
[BlackElo "2253"]

1.d4 Nf6 2.Nf3 e6 3.c4 b6 4.g3 Ba6 5.b3 Bb4+ 6.Bd2 Be7 7.Bc3 c6 8.Nbd2 d5
9.Ne5 c5 10.Bg2 Bb7 11.O-O O-O 12.cxd5 Nxd5 13.Bb2 cxd4 14.Bxd4 Nc6 15.Nxc6 Bxc6
16.Rc1 Rc8 17.Nc4 Bg5 18.e3 Nb4 19.Bxc6 Nxc6 20.Bb2 Bf6 21.Ba3 Be7 22.Bxe7 Qxe7
23.Nd6 Rc7 24.Nb5 Rd7 25.Qe2 Ne5 26.Nd4 h6 27.f4 Ng6 28.Nc6 Qf6 29.Rfd1 Rxd1+
30.Qxd1 e5 31.Qd2 exf4 32.exf4 Kh7 33.Qd4 Qxd4+ 34.Nxd4 Rd8 35.Nf3 Rd7 36.Kf2 Ne7
37.Rc2 f6 38.b4 Nd5 39.Rd2 b5 40.f5 Kg8 41.a3 Kf7 42.Rc2 Nb6 43.Rc5 Rd5 44.Rc7+ Rd7
45.Rxd7+ Nxd7 46.Nd4 a6 47.Nc6 Nb6 48.Ke3 Nc4+ 49.Kd4 Nxa3 50.Nb8 Ke7 51.Kc5 Kd8
52.Nxa6 Kd7 53.Nb8+ Kc7 54.Nc6 Kd7 55.Nd4  1-0

[Event "TCh-HUN 2008-9"]
[Site "Budapest HUN"]
[Date "2008.11.30"]
[Round "3"]
[White "Izsak,Gyu"]
[Black "Kiss,At"]
[Result "1/2-1/2"]
[WhiteElo "2434"]
[BlackElo "2369"]

1.d4 Nf6 2.Nf3 e6 3.c4 b6 4.g3 Ba6 5.Qc2 c5 6.Bg2 Nc6 7.dxc5 Bxc5 8.Qa4 Bb7
9.O-O O-O 10.Nc3 Rc8 11.Bf4 d5 12.cxd5 Nxd5 13.Nxd5 exd5 14.a3 a5 15.Bh3 Ra8
16.Bg2 Qe7  1/2-1/2

[Event "1st Copa PDV Sur"]
[Site "Buenos Aires ARG"]
[Date "2008.11.30"]
[Round "1"]
[White "Olaciregui,E"]
[Black "Mareco,S"]
[Result "0-1"]
[WhiteElo "2039"]
[BlackElo "2481"]

1.d4 Nf6 2.Nf3 e6 3.c4 b6 4.g3 Ba6 5.Qc2 Bb7 6.Bg2 c5 7.O-O cxd4 8.Nxd4 Bxg2
9.Kxg2 Bc5 10.Nf3 O-O 11.Nc3 Be7 12.Bf4 Na6 13.Rad1 Qc8 14.Qd3 Nb4 15.Qd4 Rd8
16.e4 d6 17.Qd2 Qxc4 18.Rfe1 Nxa2 19.Nxa2 Qxa2 20.Qb4 Qa6 21.Bxd6 Rxd6 22.Rxd6 Qb7
23.e5 Bxd6 24.exd6 Rd8 25.Rd1 Nd5 26.Qe4 Rxd6 27.Ng5 Ne3+ 28.fxe3 Qxe4+  0-1

[Event "British Rapid"]
[Site "Halifax ENG"]
[Date "2008.11.30"]
[Round "7"]
[White "Poobalasingam,P"]
[Black "Hunt,H"]
[Result "1/2-1/2"]
[WhiteElo "2235"]
[BlackElo "2462"]

1.d4 Nf6 2.c4 e6 3.Nf3 b6 4.g3 Ba6 5.b3 b5 6.cxb5 Bxb5 7.Bg2 Bc6 8.O-O Be7
9.Nbd2 O-O 10.Qc2 a5 11.a3 Na6 12.Nc4 Be4 13.Qd2 a4 14.b4 c6 15.Bb2 Nc7 16.Rac1 Nfd5
17.Ne1 Bxg2 18.Kxg2 f5 19.Nd3 Qe8 20.f3 Qh5 21.Nce5 Rad8 22.e4 fxe4 23.fxe4 Bg5
24.Nf4 Bxf4 25.gxf4 Nf6 26.Qe3 Nb5 27.Rf3 Nd6 28.Rh3 Qe8 29.Rg1 Ndxe4 30.Kh1 d6
31.Nd3 Rd7 32.Qe1 Qa8 33.Rg2 Qa6 34.Re3 Qc4 35.Rxe4 Qxd3 36.Rxe6 Nd5 37.Bc1 Qf3
38.Qg3 Qxg3 39.hxg3 Kf7 40.Ree2 Re8 41.Rxe8 Kxe8 42.Rc2 Rc7 43.Kg2 Kd7 44.Kf3 Ke6
45.Re2+ Kf6 46.g4 h6 47.Kg3 Rf7 48.Rf2 Ke7 49.Bd2 Kd7 50.f5 Nf6 51.Re2 d5
52.Bf4 Ne4+ 53.Kf3 Re7 54.Be5 Rf7 55.Kf4 Ng5 56.Rc2 Ne4 57.Rc1 g6 58.Rh1 gxf5
59.gxf5 Rh7 60.Rh5 Ke7 61.Rh1 Kf7 62.Rc1 h5 63.Rxc6 h4 64.Rc7+ Kg8 65.Rc8+ Kf7
66.Rc7+ Kg8 67.Rc8+  1/2-1/2

[Event "21st Belgrade Trophy"]
[Site "Obrenovac SRB"]
[Date "2008.11.30"]
[Round "4"]
[White "Abramovic,B"]
[Black "Carnic,S"]
[Result "1-0"]
[WhiteElo "2484"]
[BlackElo "2346"]

1.d4 Nf6 2.Nf3 e6 3.c4 b6 4.g3 Ba6 5.b3 Bb4+ 6.Bd2 Be7 7.Bg2 d5 8.cxd5 exd5
9.O-O O-O 10.Nc3 c6 11.Rc1 Ne4 12.Bf4 Nxc3 13.Rxc3 Bd6 14.Bxd6 Qxd6 15.Qc2 Bb7
16.Ne5 Re8 17.e3 a5 18.Rd1 Rc8 19.Rc1 f6 20.Nd3 Na6 21.e4 Nb4 22.Qb1 dxe4
23.Bxe4 Nd5 24.Nf4 Nxc3 25.Bxh7+ Kf8 26.Rxc3 Re8 27.Bg6 c5 28.d5 Re5 29.Rd3 Bc8
30.Qd1 Kg8 31.h4 Bf5 32.Bxf5 Rxf5 33.Qg4 Re5 34.Nh3 Re1+ 35.Kg2 Rae8 36.h5 R8e4
37.Qf5 Kf7 38.Nf4 Kg8 39.h6 gxh6 40.Nh5 Kf7 41.Qh7+ Ke8 42.Qh8+ Ke7 43.Nxf6 Qxf6
44.d6+ Kf7 45.Qxf6+ Kxf6 46.d7 Re8 47.Rd6+ Kg7 48.dxe8=Q Rxe8 49.Rxb6 a4
50.Kf3 axb3 51.axb3 Rc8 52.Ke2 c4 53.b4 c3 54.Kd1 Rd8+ 55.Kc2 Rd2+ 56.Kxc3 Rxf2
57.Rd6 h5 58.b5 Rf1 59.b6 Rg1  1-0

[Event "58th ch-GRE"]
[Site "Rhodes GRE"]
[Date "2008.12.05"]
[Round "6"]
[White "Nikolaidis,I"]
[Black "Papadopoulos,I"]
[Result "1/2-1/2"]
[WhiteElo "2529"]
[BlackElo "2452"]

1.d4 Nf6 2.c4 e6 3.Nf3 b6 4.g3 Ba6 5.Qa4 Bb7 6.Bg2 c5 7.O-O cxd4 8.Nxd4 Bxg2
9.Kxg2 Be7 10.Bf4 O-O 11.Rd1 Qc8 12.Nc3 a6 13.e4 Qb7 14.f3 d6 15.Nde2 Rd8
16.Rd2 Nc6 17.Qd1  1/2-1/2

[Event "Mediterranean Open"]
[Site "Rijeka CRO"]
[Date "2008.12.05"]
[Round "8"]
[White "Javakhishvili,L"]
[Black "Stojanovski,D"]
[Result "1/2-1/2"]
[WhiteElo "2473"]
[BlackElo "2429"]

1.d4 Nf6 2.Nf3 e6 3.c4 b6 4.g3 Ba6 5.Qc2 Bb4+ 6.Nbd2 Bb7 7.Bg2 Be4 8.Qb3 Bxd2+
9.Bxd2 O-O 10.O-O d6 11.Rfd1 Nbd7 12.Qe3 a5 13.Bc3 Bb7 14.b3 Re8 15.a3 Qe7
16.b4 axb4 17.axb4 Qf8 18.Bh3 Rxa1 19.Bxa1 Ra8 20.Nh4 d5 21.c5 Ra2 22.Bc3 Ne4
23.Be1 Ba6 24.Bf1 bxc5 25.dxc5 c6 26.f3  1/2-1/2

[Event "TCh-SLO"]
[Site "Murska Sobota SLO"]
[Date "2008.12.07"]
[Round "2"]
[White "Stajner,S"]
[Black "Zorko,Ju"]
[Result "0-1"]
[WhiteElo "2274"]
[BlackElo "2381"]

1.d4 Nf6 2.c4 e6 3.Nf3 b6 4.g3 Ba6 5.b3 Bb4+ 6.Bd2 Be7 7.Bg2 c6 8.O-O d5
9.Qc2 Nbd7 10.Rd1 Rc8 11.Bf4 O-O 12.Nc3 Qe8 13.a4 dxc4 14.bxc4 Bxc4 15.Ne4 Nxe4
16.Qxc4 Bd6 17.Ne5 Bxe5 18.dxe5 Nec5 19.Rd6 Qe7 20.h4 Nb7 21.Rd2 h6 22.Bxh6 Nxe5
23.Bf4 Nd7 24.Bh6 Ne5 25.Qd4 f6 26.Bf4 Rfd8 27.Qc3 Rxd2 28.Qxd2 Nc4 29.Qc2 Nba5
30.Be4 e5 31.Bc1 Kf8 32.h5 Nd6 33.Bg6 Qe6 34.Ba3 c5 35.Rd1 Ke7 36.Bc1 Rd8
37.Kg2 Qb3 38.Kg1 Qe6 39.Kg2 Qb3 40.Rh1 Qxc2 41.Bxc2 Rh8 42.f4 Nc6 43.e3 e4
44.g4 Nb4 45.Bb1 c4 46.Kf2 c3 47.Ba3 a5 48.Rc1 Rc8 49.Ke2 Rc5 50.g5 fxg5
51.fxg5 Rxg5 52.Rxc3 Rxh5 53.Bxb4 axb4 54.Rb3 Rh2+ 55.Ke1 Kd7 56.Rxb4 Kc7
57.Kf1 g5 58.Kg1 Rh4 59.Rd4 Rh3 60.Bxe4 Rxe3 61.Bg2 Re5 62.Kf2 Rc5 63.Bf1 Nf5
64.Re4 Kd6 65.Rb4 Kc7 66.Re4 Rc2+ 67.Kf3 Rc3+ 68.Kf2 Ng3 69.Rc4+ Rxc4 70.Bxc4 Ne4+
71.Ke3 Nf6 72.Kd4 Kd6 73.Be2 Nd7 74.Kc4 Ne5+ 75.Kb5 Kc7 76.Bd1 Nf7 77.Bf3 Nd6+
78.Ka6 Nc4 79.Kb5 Nd2 80.Bg2 g4 81.a5 bxa5 82.Kxa5 Kd6 83.Kb4 Ke5 84.Kc3 Nf3
85.Bf1 Ke4 86.Ba6 Ke3 87.Bc8 g3 88.Bh3 Kf2  0-1

[Event "Helio da Motta Filho Cup"]
[Site "Rio de Janeiro BRA"]
[Date "2008.12.07"]
[Round "2"]
[White "Perdomo,L"]
[Black "Mascarenhas,Alb"]
[Result "1-0"]
[WhiteElo "2393"]
[BlackElo "2228"]

1.d4 Nf6 2.c4 e6 3.Nf3 b6 4.g3 Ba6 5.Nbd2 Bb4 6.Qb3 c5 7.a3 Ba5 8.Bg2 O-O
9.Qa4 Bxd2+ 10.Nxd2 d5 11.dxc5 bxc5 12.b4 cxb4 13.axb4 Bb7 14.Nb3 Qe7 15.Na5 Nc6
16.Nxb7 Qxb7 17.b5 Ne5 18.c5 Qc8 19.Bb2 Nc4 20.Bxf6 gxf6 21.c6 f5 22.O-O Qc7
23.Rfc1 Nd6 24.e3 Nc4 25.Bf1 Nb6 26.Qd4 Rfe8 27.Bd3 Re7 28.Qc5 Kg7 29.Rc2 Nc8
30.Rca2 Rb8 31.Ra4 Qb6 32.Qc3+ f6 33.g4 fxg4 34.Rxg4+ Kf7 35.Bxh7 e5 36.Qd3 e4  1-0

[Event "TCh-SLO"]
[Site "Murska Sobota SLO"]
[Date "2008.12.09"]
[Round "4"]
[White "Mihalcisin,A"]
[Black "Zorko,Ju"]
[Result "1-0"]
[WhiteElo "2522"]
[BlackElo "2381"]

1.Nf3 Nf6 2.c4 e6 3.d4 b6 4.g3 Ba6 5.b3 Bb4+ 6.Bd2 Be7 7.Nc3 O-O 8.Qc2 d5
9.cxd5 Nxd5 10.Nxd5 exd5 11.e3 Bxf1 12.Kxf1 Qd6 13.Rc1 Rc8 14.Kg2 Qe6 15.b4 c6
16.Ne5 Bd6 17.Nd3 Nd7 18.a4 h5 19.h4 Nf6 20.f3 Rc7 21.Rhe1 Re8 22.Nf4 Bxf4
23.exf4 Qc8 24.Re5 Rxe5 25.fxe5 Ne8 26.a5 Qa6 27.Kf2 Qb5 28.Qf5 g6 29.Qg5 c5
30.e6 Kh7 31.axb6 axb6 32.exf7 Rxf7 33.Qh6+ Kg8 34.Qxg6+ Ng7 35.dxc5 Qe8
36.Qd3 Qe5 37.cxb6 Nf5 38.Rc8+ Kh7 39.Bf4 Qb2+ 40.Rc2 Qxb4 41.Bc7 Kg8 42.Qxd5 Nd4
43.b7  1-0

[Event "III Open"]
[Site "Palma de Mallorca ESP"]
[Date "2008.12.09"]
[Round "4"]
[White "Alonso Garcia,R"]
[Black "Rowson,J"]
[Result "0-1"]
[WhiteElo "2368"]
[BlackElo "2596"]

1.d4 Nf6 2.Nf3 e6 3.c4 b6 4.g3 Ba6 5.Qc2 Bb7 6.Bg2 Bb4+ 7.Bd2 Bxd2+ 8.Nbxd2 c5
9.O-O Nc6 10.Nb3 d6 11.Rfd1 Qc7 12.a3 O-O 13.d5 exd5 14.cxd5 Ne7 15.e4 Ng6
16.Nbd2 Rfe8 17.Re1 Re7 18.Rac1 Qd7 19.a4 Rae8 20.Bf1 a6 21.h3 Bc8 22.Re3 h5
23.Rce1 Qd8 24.Qb3 Qc7 25.Nc4 Nxe4 26.Qxb6 Qxb6 27.Nxb6 Bb7 28.Nh4 Nxh4 29.gxh4 Kf8
30.a5 Nf6 31.Rxe7 Rxe7 32.Rxe7 Kxe7 33.Bc4 Ng8 34.f4 Kd8 35.Be2 Ne7 36.Bxh5 Nxd5
37.Nxd5 Bxd5 38.Kf2 Bc4 39.Bg4 Kc7 40.f5 f6 41.Bh5 Kc6 42.Kg3 Kb5 43.Be8+ Kxa5
44.h5 d5 45.h6 gxh6 46.h4 Be2  0-1

[Event "III Open"]
[Site "Palma de Mallorca ESP"]
[Date "2008.12.10"]
[Round "5"]
[White "Rowson,J"]
[Black "Pogorelov,R"]
[Result "1/2-1/2"]
[WhiteElo "2596"]
[BlackElo "2441"]

1.d4 Nf6 2.c4 e6 3.Nf3 b6 4.g3 Ba6 5.Qc2 Bb7 6.Bg2 c5 7.d5 exd5 8.cxd5 Bxd5
9.Nc3 Bxf3 10.Bxf3 Nc6 11.Qa4 Rc8 12.O-O Be7 13.Rd1 O-O 14.Bg5 h6 15.Bxf6 Bxf6
16.Bxc6 Rxc6 17.Qxa7 Bxc3 18.bxc3 d5 19.e4 d4 20.cxd4 cxd4 21.Qa4 Rd6 22.Rd3 Re8
23.f3 Re5 24.Rad1 Ra5 25.Qb3 Qa8  1/2-1/2

[Event "Helio da Motta Filho Cup"]
[Site "Rio de Janeiro BRA"]
[Date "2008.12.12"]
[Round "7"]
[White "Mascarenhas,Alb"]
[Black "Chaves,Jor"]
[Result "1-0"]
[WhiteElo "2228"]
[BlackElo "2053"]

1.d4 Nf6 2.Nf3 e6 3.c4 b6 4.g3 Ba6 5.Nbd2 d5 6.cxd5 exd5 7.Ne5 Bb7 8.Qa4+ c6
9.Bh3 Be7 10.O-O O-O 11.b4 a5 12.bxa5 Rxa5 13.Qc2 Na6 14.Nb3 Nb4 15.Qb2 Ra7
16.a3 Na6 17.Bg5 Nb8 18.Rfc1 h6 19.Bf4 Ne4 20.f3 Ng5 21.Bg2 Ne6 22.e4 dxe4
23.fxe4 Bf6 24.Nf3 c5 25.e5 Nxf4 26.gxf4 Be7 27.dxc5 bxc5 28.Nxc5 Bxc5+ 29.Rxc5 Bxf3
30.Bxf3 Qd3 31.Qc3 Qg6+ 32.Kh1 Qa6 33.Bd5 Rd8 34.Qc4 Qb6 35.e6 fxe6 36.Bxe6+ Kh8
37.Rc8 Qb7+ 38.Kg1 Rxc8 39.Qxc8+ Qxc8 40.Bxc8 Nc6 41.a4 Ra5 42.Bd7 Nd4 43.Kf2 g6
44.Ra2 Kg7 45.Ke3 Nb3 46.Bb5 Kf6 47.Rc2 Ra7 48.Rc6+ Kg7 49.Bd3 Rxa4 50.Rxg6+ Kf8
51.Rxh6 Ra3 52.Ra6 Rxa6 53.Bxa6 Nc5 54.Bc8 Kg7 55.Kd4 Nb3+ 56.Ke5 Nd2 57.Bg4 Nf1
58.f5 Ne3 59.f6+ Kf8 60.Be6 Nf1 61.Bg4 Ne3 62.Be2 Ng2 63.Bf3 Ne3 64.h4 Nc4+
65.Ke6 Nd2 66.Bd5 Nf1 67.h5 Ng3 68.h6 Nh5 69.h7 Nf4+ 70.Kf5  1-0

[Event "Masters"]
[Site "Berkeley USA"]
[Date "2008.12.15"]
[Round "2"]
[White "Zenyuk,I"]
[Black "Friedel,J"]
[Result "1/2-1/2"]
[WhiteElo "2237"]
[BlackElo "2498"]

1.d4 Nf6 2.Nf3 e6 3.c4 b6 4.g3 Ba6 5.Qc2 Bb4+ 6.Bd2 Be7 7.Bg2 c6 8.O-O d5
9.Ne5 Nfd7 10.Nxd7 Nxd7 11.b3 O-O 12.Bc3 Rc8 13.Nd2 c5 14.dxc5 Nxc5 15.Rfd1 b5
16.Rac1 bxc4 17.bxc4 Qe8 18.Bb4 dxc4 19.Nxc4 Na4 20.Bxe7 Rxc4 21.Bxf8 Rxc2
22.Rxc2 Qxf8 23.Rd4 Bb5 24.Rcd2 g5 25.Rd8 Be8 26.R2d6 Kg7 27.Bc6 Qe7 28.Bxe8 Nb6
29.a4 Qf6 30.Kg2 Qe5 31.Bb5 Nd5 32.R6d7 Qe4+ 33.Kg1 Qb1+ 34.Kg2 Qe4+ 35.Kg1  1/2-1/2

[Event "XXI Carlos Torre"]
[Site "Merida MEX"]
[Date "2008.12.16"]
[Round "5"]
[White "Escobedo Tinajero,A"]
[Black "Rojas Alarcon,J"]
[Result "1/2-1/2"]
[WhiteElo "2356"]
[BlackElo "2187"]

1.d4 Nf6 2.c4 e6 3.Nf3 b6 4.g3 Ba6 5.Qa4 Bb7 6.Bg2 c5 7.O-O cxd4 8.Nxd4 Bxg2
9.Kxg2 Be7 10.Nc3 O-O 11.Bf4 d5 12.Rfd1 Bc5 13.Bg5 Be7 14.Bxf6 Bxf6 15.cxd5 exd5
16.Qb5 Nd7 17.Nxd5 Bxd4 18.Rxd4 Nc5 19.Rad1 Re8 20.b4 Ne6 21.Re4 Qc8 22.Rd3 Qb7
23.f3 h6 24.Kf2 Rac8 25.Nf4 a6 26.Qd5 Qxd5 27.Nxd5 b5 28.Rde3 Rc2 29.a3 Rd8
30.Rd3 Kf8 31.Ree3 g5 32.f4 gxf4 33.gxf4 Rc4 34.f5 Ng5 35.f6 Rd6 36.Kg2 Rg4+
37.Kf1 Ne4 38.h3 Rh4 39.Kg2 Nxf6 40.Nxf6 Rxf6 41.Rd8+ Kg7 42.Rg3+ Kh7 43.Rdg8 h5  1/2-1/2

[Event "XXI Carlos Torre"]
[Site "Merida MEX"]
[Date "2008.12.16"]
[Round "6"]
[White "Zarate Manjarrez,A"]
[Black "Vega Garcia,J"]
[Result "0-1"]
[WhiteElo "2084"]
[BlackElo "2274"]

1.d4 Nf6 2.c4 e6 3.Nf3 b6 4.g3 Ba6 5.Qc2 Bb7 6.Bg2 c5 7.dxc5 bxc5 8.Nc3 Nc6
9.O-O a6 10.Bf4 d6 11.Rad1 Qc7 12.Bc1 Be7 13.b3 O-O 14.e3 Rfd8 15.Bb2 Rab8
16.Qb1 Ba8 17.h4 Na5 18.Qa1 Bf8 19.Ne2 Ne8 20.Nf4 Be4 21.Bc3 Nc6 22.Ng5 Bxg2
23.Qb1 g6 24.Kxg2 Qe7 25.Nxh7 Kxh7 26.h5 Bg7 27.hxg6+ Kg8 28.gxf7+ Qxf7 29.Bxg7 Nxg7
30.Rh1 Ne5 31.Rh6 Kf8 32.Qe4 Qb7 33.Qxb7 Rxb7 34.Rh8+ Ke7 35.Rxd8 Kxd8 36.Rxd6+ Ke7
37.Rxa6 Rd7 38.g4 Nxg4 39.Kf3 Ne5+ 40.Ke4 Nf7 41.Rc6 Rd2 42.Rxc5 Rxf2 43.Ra5 Kf6
44.Ra7 Rd2 45.c5 Ng5+  0-1

[Event "8th Amplico AIG Life Rapid"]
[Site "Warsaw POL"]
[Date "2008.12.20"]
[Round "1"]
[White "Veits,J"]
[Black "Moranda,W"]
[Result "0-1"]
[WhiteElo "1809"]
[BlackElo "2536"]

1.d4 Nf6 2.c4 e6 3.Nf3 b6 4.g3 Ba6 5.b3 d5 6.cxd5 exd5 7.Bg2 Bb4+ 8.Bd2 Bd6
9.O-O O-O 10.Re1 Re8 11.Nc3 Bb7 12.Qc2 a6 13.Rad1 Nbd7 14.Nh4 Ne4 15.Nxe4 dxe4
16.Nf5 Bf8 17.Bf4 Rc8 18.Rc1 Nf6 19.Red1 Nd5 20.Bd2 Qf6 21.Bxe4 Nb4 22.Nh6+ gxh6
23.Bxh7+ Kh8  0-1

[Event "8th Amplico AIG Life Rapid"]
[Site "Warsaw POL"]
[Date "2008.12.20"]
[Round "1"]
[White "Kowalska,S"]
[Black "Lenic,L"]
[Result "0-1"]
[WhiteElo "1821"]
[BlackElo "2569"]

1.d4 Nf6 2.c4 e6 3.Nf3 b6 4.g3 Ba6 5.b3 b5 6.Qc2 bxc4 7.bxc4 c5 8.Ba3 Bb7
9.Bg2 Qa5+ 10.Qc3 Qc7 11.O-O Be7 12.Nbd2 O-O 13.Rab1 Bc6 14.Bxc5 Bxc5 15.dxc5 Na6
16.Qa3 Qc8 17.Rfd1 Re8 18.Nb3 Be4 19.Nfd4 Bxg2 20.Kxg2 Ne4 21.Qa5 Nexc5 22.Nb5 Qc6+
23.Kg1 Nb7 24.Qc3 Rec8 25.Na5 Nxa5 26.Qxa5 Nc5 27.Nd6 Rcb8 28.Nb5 a6 29.Nc3 h6
30.Rb4 Rxb4 31.Qxb4 Rc8 32.Qa5 Rb8 33.Qa3 Rb7 34.Nb1 Qb6 35.Nd2 Qb4 36.Qxb4 Rxb4
37.Nb3 Rxc4 38.Nxc5 Rxc5 39.Rxd7 Rc2 40.Ra7 Rxa2 41.Kf1 g5 42.f3 Kg7 43.Kf2 Kg6
44.h4 gxh4 45.gxh4 h5 46.Kg3 a5 47.f4 Ra3+ 48.Kf2 f6 49.e3 Kf5 50.Kf3 a4
51.Rh7 Kg6 52.Re7 Kf5 53.Rh7 Ra1 54.Rxh5+ Kg6 55.Ra5 a3 56.h5+ Kh6 57.Kf2 a2
58.Ke2 Rh1  0-1

[Event "8th Amplico AIG Life Rapid"]
[Site "Warsaw POL"]
[Date "2008.12.20"]
[Round "3"]
[White "Alfred,N"]
[Black "Bartel,Mat"]
[Result "0-1"]
[WhiteElo "2323"]
[BlackElo "2602"]

1.d4 Nf6 2.Nf3 e6 3.c4 b6 4.g3 Ba6 5.Qc2 c6 6.Bg2 d5 7.Nbd2 Nbd7 8.O-O Be7
9.b3 c5 10.Bb2 Rc8 11.Rac1 O-O 12.Qb1 cxd4 13.Nxd4 Bb4 14.Rfd1 e5 15.Nf5 g6
16.Ne3 d4 17.Nc2 Be7 18.e3 Nc5 19.exd4 Nd3 20.dxe5 Bc5 21.Ne4 Nxe4 22.Bxe4 Nxf2
23.Rxd8 Nxe4+ 24.Rd4 f6 25.Ne3 Ng5 26.b4 Bxd4 27.Bxd4 Nf3+ 28.Kg2 Nxd4 29.Qe4 fxe5
30.b5 Bxb5 31.Qxe5 Bc6+ 32.Nd5 Nf5 33.Qe6+ Kg7 34.Qe5+ Kg8 35.Qe6+ Kg7 36.Qe5+ Kg8
37.Kh3 Rf7 38.Qe6 Bb7 39.Rf1 Rf8 40.Nf6+ Kh8 41.Nd7 Bc8 42.Qe5+ Kg8 43.Nxf8 Ne3+
44.Ne6 Nxf1 45.Qb8 Rf8 46.Qd6 Re8 47.Kg2 Ne3+ 48.Kf3 Nxc4 49.Qc7 Bxe6 50.Qxa7 Bf7
51.Kf4 h6 52.h4 Bd5 53.g4 Rf8+ 54.Kg3 Nd2 55.Qxb6 Nf1+ 56.Kh3 Rf3+  0-1

[Event "8th Amplico AIG Life Rapid"]
[Site "Warsaw POL"]
[Date "2008.12.20"]
[Round "5"]
[White "Scibior,A"]
[Black "Lenic,L"]
[Result "0-1"]
[WhiteElo "2226"]
[BlackElo "2569"]

1.Nf3 Nf6 2.c4 e6 3.d4 b6 4.g3 Ba6 5.Qc2 Bb4+ 6.Bd2 Be7 7.Bg2 O-O 8.O-O c6
9.Bf4 d5 10.Nbd2 Nbd7 11.e4 Nxe4 12.Nxe4 dxe4 13.Nd2 f5 14.Rfd1 g5 15.Be5 Nxe5
16.dxe5 Qc7 17.Qc3 Rad8 18.Nb3 c5 19.a4 Rxd1+ 20.Rxd1 Rd8 21.Rd2 g4 22.h3 h5
23.h4 Kh7 24.Nc1 Rxd2 25.Qxd2 Bxc4 26.b3 Bd5  0-1

[Event "17th Donau Open"]
[Site "Aschach AUT"]
[Date "2008.12.26"]
[Round "1"]
[White "Leichtfried,H"]
[Black "Shengelia,D"]
[Result "0-1"]
[WhiteElo "2114"]
[BlackElo "2547"]

1.d4 Nf6 2.c4 e6 3.Nf3 b6 4.g3 Ba6 5.b3 Bb4+ 6.Bd2 Be7 7.Bg2 d5 8.Bc3 Ne4
9.Bb2 c6 10.Nfd2 Nxd2 11.Nxd2 O-O 12.O-O Nd7 13.Rc1 b5 14.Qc2 bxc4 15.bxc4 Rb8
16.Rb1 Bg5 17.Ba3 Re8 18.Rxb8 Nxb8 19.e3 Qa5 20.Bd6 Rd8 21.Bf4 Bxf4 22.gxf4 c5
23.dxc5 dxc4 24.Nxc4 Qxc5 25.Rc1 g5 26.Qe4 Rc8 27.Bf1 Qd5 28.Qe5 Nd7  0-1

[Event "Open A"]
[Site "Groningen NED"]
[Date "2008.12.26"]
[Round "5"]
[White "Bitalzadeh,A"]
[Black "Levin,F"]
[Result "0-1"]
[WhiteElo "2370"]
[BlackElo "2536"]

1.d4 Nf6 2.c4 e6 3.Nf3 b6 4.g3 Ba6 5.b3 Bb4+ 6.Bd2 Be7 7.Bg2 Bb7 8.Nc3 d5
9.O-O O-O 10.Bf4 Na6 11.Ne5 c5 12.dxc5 Nxc5 13.b4 Nce4 14.Nxe4 Nxe4 15.Bxe4 dxe4
16.c5 Bd5 17.Rc1 bxc5 18.bxc5 f6 19.Ng4 Rc8 20.Qa4 e5 21.Bd2 Be6 22.Ba5 Qd4
23.Qa3 Bxc5 24.Rxc5 Rxc5 25.Ne3 Rb5 26.Rd1 Qb2 27.Qe7 Qxa2 28.Bb4 Rxb4 29.Qxb4 Qxe2
30.Qxe4 Qb5 31.g4 a5 32.h3 a4 33.Ra1 Bb3 34.Nf5 Rd8 35.Rc1 Qd7 36.Qb4 g6
37.Ne3 Qd2 38.Qa3 Qd6 39.Qb2 Rf8 40.Qe2 f5 41.Qb5 Rb8 42.Qa5 f4 43.Nf1 a3
44.Rc7 a2 45.Qa7 Qxc7 46.Qxc7 Ra8 47.Qb7 a1=Q 48.Qxb3+ Kh8 49.Qe6 Rf8 50.Qe7 Kg8
51.Qe6+ Kg7 52.Kg2 Qa8+ 53.f3 Qe8 54.Qd5 Qe7 55.Nd2 Rd8 56.Qa5 Rc8 57.h4 Qxh4
58.Qxe5+ Qf6 59.Qa5 Qc3 60.Qd5 Rc7 61.Qd6 Rb7 62.g5 Rf7 63.Ne4 Qb2+ 64.Kh3 h6
65.Qd8 Qe5 66.gxh6+ Kxh6 67.Qg8 Qf5+ 68.Kg2 Rf8 69.Qc4 Rc8 70.Qd4 Re8 71.Kf2 Qe5
72.Qb6 Rb8 73.Qa7 Rb2+ 74.Kg1 Qd5 75.Qa4 Qd3  0-1

[Event "Open"]
[Site "Pamplona ESP"]
[Date "2008.12.27"]
[Round "7"]
[White "Ugalde Ezcurra,J"]
[Black "Leranoz Zabalza,A"]
[Result "1-0"]
[WhiteElo "2158"]
[BlackElo "2014"]

1.Nf3 Nf6 2.c4 e6 3.g3 b6 4.d4 Ba6 5.Qc2 d5 6.cxd5 exd5 7.Bg2 Bb4+ 8.Nc3 O-O
9.O-O Re8 10.Re1 Ne4 11.a3 Bxc3 12.bxc3 Qf6 13.Bf4 Nc6 14.e3 Na5 15.Nd2 Nxd2
16.Qxd2 Nb3 17.Qc2 Nxa1 18.Rxa1 g5 19.Be5 Qe6 20.g4 Qxg4 21.f4 f6 22.Bxf6 Rxe3
23.Kh1 c6 24.Rg1 Qe6 25.Be5 g4 26.Qf2 Rxc3 27.Bf3 h5 28.Qh4 Rxf3 29.Qxh5 Rf1
30.Rxf1 Bxf1 31.f5 Qe7 32.Qg6+ Kf8 33.Bd6  1-0

[Event "1st Asian Clubs"]
[Site "Al Ain UAE"]
[Date "2008.12.28"]
[Round "4"]
[White "Wang Hao"]
[Black "Laxman,R"]
[Result "1-0"]
[WhiteElo "2696"]
[BlackElo "2468"]

1.d4 Nf6 2.c4 e6 3.Nf3 b6 4.g3 Ba6 5.Qc2 Bb7 6.Bg2 Bb4+ 7.Nc3 Be4 8.Qb3 Bxc3+
9.Qxc3 a5 10.b3 O-O 11.O-O d6 12.Bb2 Nbd7 13.Rad1 Qb8 14.Bh3 c6 15.Ne5 dxe5
16.dxe5 Nd5 17.Qd4 Nc5 18.cxd5 cxd5 19.Rc1 a4 20.b4 a3 21.Ba1 Na4 22.f3 Bg6
23.Rc6 Rc8 24.Rfc1 Rxc6 25.Rxc6 b5 26.Bf1 Bb1 27.Qe3 Bxa2 28.Qxa3 Bc4 29.Qe3 Qe8
30.Rd6 h6 31.Bd4 Qc8 32.Kf2 Ra6 33.Bh3 Rc6 34.f4 Rc7 35.f5 Re7 36.f6 Rc7
37.fxg7 Kxg7 38.Qf4 Kh7 39.Qf6 Qg8 40.Bf5+  1-0

[Event "Masters"]
[Site "Hastings ENG"]
[Date "2008.12.28"]
[Round "1"]
[White "Bates,Ri"]
[Black "McPhillips,K"]
[Result "1/2-1/2"]
[WhiteElo "2387"]
[BlackElo "2222"]

1.d4 Nf6 2.Nf3 e6 3.c4 b6 4.g3 Ba6 5.b3 Bb4+ 6.Bd2 Be7 7.Bg2 c6 8.Bc3 d5
9.Ne5 Nfd7 10.Nxd7 Nxd7 11.Nd2 O-O 12.O-O Rc8 13.e4 b5 14.Re1 dxc4 15.bxc4 bxc4
16.Qa4 Bb5 17.Qc2 Re8 18.a4 Ba6 19.Rab1 Bf8 20.Ba1 Qa5 21.Nxc4 Bxc4 22.Qxc4 Nb6
23.Qd3 Qxa4 24.Bc3 Red8 25.Ra1 Qb5 26.Qf3 Rd7 27.Bf1 Qg5 28.Ra5 Qd8 29.Rea1 Rcc7
30.h4 c5 31.dxc5 Bxc5 32.Be5 Bd6 33.Bxd6 Rxd6 34.Rxa7 Rxa7 35.Rxa7 Rd7 36.Ra6 h6
37.Qb3 Na8 38.e5 Nc7 39.Rb6 Qe7 40.Bd3 g6 41.Qc2  1/2-1/2

[Event "17th Donau Open"]
[Site "Aschach AUT"]
[Date "2008.12.29"]
[Round "5"]
[White "Neubauer,M"]
[Black "Borosova,Z"]
[Result "1/2-1/2"]
[WhiteElo "2422"]
[BlackElo "2234"]

1.d4 Nf6 2.Nf3 e6 3.c4 b6 4.g3 Ba6 5.Qc2 Bb7 6.Bg2 c5 7.d5 exd5 8.cxd5 Nxd5
9.O-O Be7 10.Rd1 Qc8 11.Bg5 f6 12.Bc1 Nc7 13.e4 Nc6 14.Nc3 d6 15.Be3 O-O
16.Nh4 g6 17.Bh6 Re8 18.Qb3+ Qe6 19.Nd5 Bd8 20.Rac1 Qf7 21.Be3 Nxd5 22.exd5  1/2-1/2

[Event "17th Donau Open"]
[Site "Aschach AUT"]
[Date "2008.12.30"]
[Round "6"]
[White "Jeraj,Z"]
[Black "Knoll,H"]
[Result "0-1"]
[WhiteElo "2132"]
[BlackElo "2371"]

1.d4 Nf6 2.c4 e6 3.Nf3 b6 4.g3 Ba6 5.Qb3 Bb7 6.Bg2 c5 7.d5 exd5 8.Ng5 Nc6
9.cxd5 Nd4 10.Qd1 Bxd5 11.Bxd5 Nxd5 12.Nxf7 Qe7 13.Ng5 h6 14.e3 hxg5 15.O-O Qe6
16.exd4 Qh3 17.Re1+ Be7 18.Qf3 Qxh2+ 19.Kf1 Qh1+ 20.Ke2 Qxf3+ 21.Kxf3 O-O+
22.Kg2 Bf6 23.dxc5 bxc5 24.Na3 Nb4 25.Re2 Rae8 26.Be3 d5 27.Rae1 Nd3 28.Rd1 Nb4
29.Rde1 d4 30.Bd2 Rxe2 31.Rxe2 Nxa2 32.Nc4 Rb8 33.Kf3 Nb4 34.Kg4 Rd8 35.Bxg5 d3  0-1

[Event "III Illes Medes Open"]
[Site "L'Estartit ESP"]
[Date "2008.12.31"]
[Round "6"]
[White "Vernay,C"]
[Black "Fluvia Poyatos,Joa"]
[Result "1/2-1/2"]
[WhiteElo "2341"]
[BlackElo "2467"]

1.d4 Nf6 2.c4 e6 3.Nf3 b6 4.g3 Ba6 5.b3 Bb4+ 6.Bd2 Be7 7.Bg2 c6 8.O-O d5
9.Qc2 O-O 10.Rd1 Nbd7 11.Bf4 Nh5 12.Bd2 Nhf6 13.Bf4 Nh5 14.Bd2  1/2-1/2

[Event "Masters"]
[Site "Hastings ENG"]
[Date "2009.01.03"]
[Round "7"]
[White "Fernandez Fernandez,JuanC"]
[Black "Kakkanas,E"]
[Result "1/2-1/2"]
[WhiteElo "2062"]
[BlackElo "2009"]

1.d4 Nf6 2.c4 e6 3.Nf3 b6 4.g3 Ba6 5.b3 Bb4+ 6.Bd2 Be7 7.Bg2 c6 8.O-O O-O
9.Ne5 d5 10.Bc3 Nfd7 11.Nxd7 Nxd7 12.Nd2 Rc8 13.Re1 c5 14.dxc5 Bxc5 15.e3 Be7
16.Rc1 Nf6 17.Bb2 Bb7 18.Qe2 Rc7 19.cxd5 Bxd5 20.e4 Rxc1 21.Rxc1 Bb7 22.Nc4 Qa8
23.f3 Rd8 24.Rd1 Ne8 25.h3 Qc8 26.Kh2 Ba6 27.Rxd8 Qxd8 28.Qd2 Qxd2 29.Nxd2 f6
30.f4 Bb4 31.Nf3 Bb7 32.e5 Bc5 33.exf6 gxf6 34.Nd4 Bxg2 35.Kxg2 Kf7 36.Kf3 a6
37.g4 Nc7 38.Ke4 Ne8 39.Nc6 Bd6 40.a4 b5 41.axb5 axb5 42.Bd4 Nc7 43.h4 Na6
44.h5 Nc5+ 45.Bxc5 Bxc5 46.Kd3 Bd6 47.Ke4 Bc5 48.g5 fxg5 49.fxg5 Ba3 50.Ne5+ Ke7
51.h6 Kf8 52.Kf4 Bb2 53.g6 hxg6 54.Nxg6+ Kg8 55.Ke4 Bf6 56.h7+ Kxh7 57.Nf8+ Kg7
58.Nxe6+ Kf7 59.Kd5 Ke7 60.Nd4 Bxd4 61.Kxd4 Kd6 62.b4 Kc7 63.Kc5 Kb8 64.Kxb5 Kb7
65.Kc5 Kc7  1/2-1/2